00373nam a22001337a 450000500170000000800410001704100120005808200130007010000130008324500380009626000490013430000300018365000260021320240816090414.0240816b |||||||| |||| 00| 0 eng d aEnglish a349 LAW  lEnglish  aThe Law Reports: Probate Division aLondon: bWilliam Clowes and Sons Ltd,c1888 bxvi, 236 pages; c25 cm.  aLegal practice bLaw